Anexo técnico

Salvato in:
Dettagli Bibliografici
Ente Autore: UNESCO
Natura: testo
Pubblicazione: Paris: UNESCO
Tags: Aggiungi Tag
Nessun Tag, puoi essere il primo ad aggiungerne!!

MARC

LEADER 00000 a a2200000 04500
001 23334
003
040 |a CRAI/IIS  |c CRAI/IIS 
090 |a 161700  
110 |a UNESCO  
245 |a Anexo técnico  
260 |a Paris:   |b UNESCO  
300 |a 230 p.   |b **no definido**  
999 |c 17699  |d 17699